000 01163cad a22002415a 4500
001 L145323
008 080929e20080925xxkad f s 000 0 eng d
035 _a(Sirsi) u145323
041 0 _aeng
050 0 4 _a381.41 $2 18
100 1 _aJones, James V.H.
111 2 _aRICS Roots Rural Research Conference
_cTrinity College, Oxford
_d17-18 March 2008
245 0 0 _aTime to take stock? - a review of prospects for livestock auction markets
_h[electronic resource]
260 _aLondon
_bRICS
_c2008
505 2 _aThroughput and revenue trends -- A SWOT analysis -- Which markets will survive?
520 _aConference paper looks at the decline in throughput of livestock auction markets and explores the trend towards rationalisation of existing markets, as well as likely future impacts on the business models of newly rationalised markets.
521 _aAdvanced
590 _aKA
651 4 _aEngland and Wales
_y1543-
690 _aPROPERTY-RURAL AND NATURAL ASSETS-AGRICULTURAL PROPERTY-LIVESTOCK
856 4 0 _uhttps://www.rics.org/site/scripts/download_info.aspx?downloadID=3129
_zView the item free of charge online at www.rics.org...
942 _n0
999 _c108758
_d108758